000 00884cam a2200277 a 4500
001 000008639
005 20200929161358.0
008 930119s1991 sp a b 001 0 spa
020 _a8400071220
035 _a(DLC) 93105701
040 _aDO-SdBNP
_cDLC
_dBNPHU
050 0 0 _aF2926
_b.M26 1991
082 _ann
_bM385r
100 1 _aMartínez Estrada, Ezequiel,
_d1895-1964.
_92854
245 1 0 _aRadiografía de la pampa /
_cE. Martínez Estrada.
250 _aEd. crítica.
260 _aMadrid :
_bSignatarios Acuerdo Archivos,
_c1991.
300 _axxiv, 586 p. :
_bil. ;
_c25 cm.
490 1 _aArchivos
_v19
651 0 _aPampas (Argentina{Rpara}
_923076
650 0 _aNational characteristics, argentine.
_923077
651 0 _aArgentina
_xSocial Conditions
_y1945-1983.
_923078
830 0 _aArchivos ;
_v19
_914634
910 _aCatalogación por copia / LC
049 _aBNGR
999 _c8409
_d8409